Debates nacionales : (Registro nro. 5118)

Detalles MARC
000 -LEADER
fixed length control field 01202nam a2200253Ia 4500
003 - CONTROL NUMBER IDENTIFIER
control field OSt
005 - DATE AND TIME OF LATEST TRANSACTION
control field 20201111101703.0
008 - FIXED-LENGTH DATA ELEMENTS--GENERAL INFORMATION
fixed length control field 191128s2002 ck a gr 000 0 spa d
020 ## - INTERNATIONAL STANDARD BOOK NUMBER
International Standard Book Number 9586824020
040 ## - CATALOGING SOURCE
Original cataloging agency CO-JMCR
Transcribing agency CO-JMCR
041 0# - LANGUAGE CODE
Language code of text/sound track or separate title spa
082 04 - DEWEY DECIMAL CLASSIFICATION NUMBER
Classification number 320.9 /
Item number R438d
Edition number 23
100 1# - MAIN ENTRY--PERSONAL NAME
Personal name Retirado Mejía, Álvaro,
Relator term editor
9 (RLIN) 12317
245 10 - TITLE STATEMENT
Title Debates nacionales :
Remainder of title discusiones en torno a la misión Alesina /
Statement of responsibility, etc. editor, Álvaro Tirado Mejía
250 ## - EDITION STATEMENT
Edition statement Primera edición
260 ## - PUBLICATION, DISTRIBUTION, ETC.
Place of publication, distribution, etc. Bogotá :
Name of publisher, distributor, etc. Alfaomega,
Date of publication, distribution, etc. 2002
300 ## - PHYSICAL DESCRIPTION
Extent xxxvi, 195 páginas :
Other physical details ilustraciones a color ;
Dimensions 23 cm.
505 0# - FORMATTED CONTENTS NOTE
Formatted contents note Separación de poderes -- Sistema electoral y de partidos -- Crimen en Colombia -- Descentralización -- Presupuesto -- Educación -- Gasto social -- Banco central
520 3# - SUMMARY, ETC.
Summary, etc. En pocos años Colombia, que hace menos de una década parecía un país en camino de la modernidad, se ha colocado a la zaga de sus pares en América. Muchos, en otras latitudes, dudan de su viabilidad misma como Nación.
650 14 - SUBJECT ADDED ENTRY--TOPICAL TERM
Topical term or geographic name entry element Misión Alesina
9 (RLIN) 12318
650 14 - SUBJECT ADDED ENTRY--TOPICAL TERM
Topical term or geographic name entry element Estado
General subdivision instituciones políticas
9 (RLIN) 12319
650 14 - SUBJECT ADDED ENTRY--TOPICAL TERM
Topical term or geographic name entry element Descentralización
General subdivision instituciones económicas
9 (RLIN) 12320
942 ## - ADDED ENTRY ELEMENTS (KOHA)
Source of classification or shelving scheme Dewey Decimal Classification
Koha item type Books
Existencias
Withdrawn status Lost status Source of classification or shelving scheme Damaged status Not for loan Collection code Home library Current library Date acquired Source of acquisition Full call number Barcode Date last seen Copy number Koha item type
    Dewey Decimal Classification     Non-fiction Biblioteca Pública José María del Castillo y Rada Biblioteca Pública José María del Castillo y Rada 04/15/2018 Donación 320.9 / R438d 430001329 05/16/2024 Ej.1 Books